QUEST Central Library Banner

Analyzing The Overload Condition of VCO and Peculiar Effect in Voltage Switched Charge PUMP (Record no. 66660)

MARC details
000 -LEADER
fixed length control field 00362nam a22001217a 4500
082 ## - DEWEY DECIMAL CLASSIFICATION NUMBER
Classification number R/IMS-20
100 ## - MAIN ENTRY--AUTHOR NAME
Personal name Adeel Hakeem Soomro
-- 16MIAC02
245 ## - TITLE STATEMENT
Title Analyzing The Overload Condition of VCO and Peculiar Effect in Voltage Switched Charge PUMP
260 ## - PUBLICATION, DISTRIBUTION, ETC. (IMPRINT)
Place of publication Nawabshah
Name of publisher QUEST
Year of publication 2019
300 ## - PHYSICAL DESCRIPTION
Number of Pages 69
856 ## - ELECTRONIC LOCATION AND ACCESS
Uniform Resource Identifier https://tinyurl.com/2v8x4sc7
942 ## - ADDED ENTRY ELEMENTS (KOHA)
Koha item type Thesis and Dissertation
Holdings
Withdrawn status Lost status Home library Current library Date acquired Full call number Accession Number Koha item type
    Research Section Research Section 20/11/2020 R/IMS-20 MP/62-794 Thesis and Dissertation
    Research Section Research Section 23/11/2023 R/IMS-20 MP/57-731 Thesis and Dissertation

Copyright © 2018,The QUEST, Nawabshah, Shaheed Benazirabad. All rights reserved
Mr. G. Farooq Channar (Librarian) QUEST, Nawabshah, Sindh, Pakistan 67480.
 Ph#: |   0244-9370381-4 Ext. 2308   Email| lib@quest.edu.pk   Web|  http://www.quest.edu.pk